A guide to understanding the embodied impacts of construction products (Record no. 113736)

MARC details
000 -LEADER
fixed length control field 01205cad a22002175a 4500
001 - CONTROL NUMBER
control field L155659
008 - FIXED-LENGTH DATA ELEMENTS--GENERAL INFORMATION
fixed length control field 120330s2012 xxk f 000 0 eng d
035 ## - SYSTEM CONTROL NUMBER
System control number (Sirsi) u155659
041 0# - LANGUAGE CODE
Language code of text/sound track or separate title eng
110 2# - MAIN ENTRY--CORPORATE NAME
Corporate name or jurisdiction name as entry element Construction Products Association
9 (RLIN) 4104
245 02 - TITLE STATEMENT
Title A guide to understanding the embodied impacts of construction products
Medium [electronic resource]
260 ## - PUBLICATION, DISTRIBUTION, ETC.
Place of publication, distribution, etc. London
Name of publisher, distributor, etc. Construction Products Association
Date of publication, distribution, etc. 2012
520 ## - SUMMARY, ETC.
Summary, etc. Guide improves understanding across the construction industry of the embodied impacts of construction products. It explains how the environmental impacts of construction products are measured, what processes and schemes are already established, what information is generated and what effect European regulations and emerging European standards will have.
590 ## - LOCAL NOTE (RLIN)
Local note KA
651 #4 - SUBJECT ADDED ENTRY--GEOGRAPHIC NAME
Geographic name United Kingdom
690 ## - LOCAL SUBJECT ADDED ENTRY--TOPICAL TERM (OCLC, RLIN)
Topical term or geographic name as entry element Sustainability
9 (RLIN) 6271
690 ## - LOCAL SUBJECT ADDED ENTRY--TOPICAL TERM (OCLC, RLIN)
Topical term or geographic name as entry element Environment
9 (RLIN) 6238
690 ## - LOCAL SUBJECT ADDED ENTRY--TOPICAL TERM (OCLC, RLIN)
Topical term or geographic name as entry element Construction management
9 (RLIN) 6230
856 40 - ELECTRONIC LOCATION AND ACCESS
Uniform Resource Identifier <a href="https://www.constructionproducts-sustainability.org.uk/fileadmin/client/cpa/documents/Sustainability/Embodied_Impacts_brochure_small_V9.pdf">https://www.constructionproducts-sustainability.org.uk/fileadmin/client/cpa/documents/Sustainability/Embodied_Impacts_brochure_small_V9.pdf</a>
Public note View the guide free of charge at www.constructionproducts-sustainability.org.uk
942 ## - ADDED ENTRY ELEMENTS (KOHA)
Suppress in OPAC 0
Holdings
Withdrawn status Lost status Source of classification or shelving scheme Damaged status Not for loan Home library Current library Shelving location Date acquired Total Checkouts Full call number Barcode Date last seen Copy number Price effective from Koha item type
    Dewey Decimal Classification     Virtual Virtual Online 30/03/2012   L155659 155659-2001 06/08/2019 1 06/08/2019 Book